000 00469nam a2200169 i 4500
001 94352
003 ES-MaACL
005 20230906181446.0
007 t|
008 050428q1957 sp ||||1| spa d
100 1 _aLora-Tamayo, Manuel.
_974059
245 1 0 _aQuímica para médicos /
_cManuel Lora-Tamayo.
250 _a[7ª ed.].
260 _aMadrid :
_bArtes Gráfs y Ediciones,
_c1957?
300 _aXVI, 414 p. ;
_c22 cm.
852 _aES-MaACL
_jC-13605
_bR.41343
999 _c94352
_d94352